000
00274nam a22001217a 4500
008
180223b xxu||||| |||| 00| 0 eng d
041
_a
eng
080
_a
37
100
_a
48
101
_a
edu
245
_a
introduction community recreation
_c
butler.g.d
942
_2
udc
_c
BK
999
_c
43330
_d
43330